| 000 | 02261nem0a2200313 4500 | ||
|---|---|---|---|
| 001 | RU\NLR\cart\6648 | ||
| 005 | 20260405164228.0 | ||
| 035 | _a(NLR Aleph) 004276753 | ||
| 090 |
_a2321201 _c2321201 |
||
| 100 | _a20110727d1828 |||y0rusy50 ca | ||
| 101 | 0 | _arus | |
| 102 | _aRU | ||
| 120 | _aayy xx|| | ||
| 123 | 0 |
_aa _b4104000 |
|
| 200 | 1 |
_aПлоская карта юго-западнаго берега Новой Земли, изследованнаго бригом "Новая Земля" под начальством капитан-лейтенанта Литке 1-го 1823 года _bКарты |
|
| 206 | _a[ок. 1:4 250 000, 42,5 км в 1 см] | ||
| 210 |
_a[Санкт-Петербург _cГидрографическое депо Управления генерал-гидрографа _d1828] _gтипография Морского министерства |
||
| 215 |
_a1 к _cграв. _d15х21 (20х29) см |
||
| 300 | _aИз изд.: Четырехкратное путешествие в Северный Ледовитый океан, совершенное по повелению императора Александра I на военном бриге "Новая Земля" в 1821, 1822, 1823 и 1824 годах, флота капитан-лейтенантом Федором Литке. - Санктпетербург, 1828 года. - Ч. II, стр. 81 | ||
| 509 | 0 | 1 |
_7ca _aНовая Земля, _hархипелаг _92634779 _3RU\NLR\auth_crt\551610 |
| 518 | 1 | _aПлоская карта юго-западного берега Новой Земли, исследованного бригом "Новая Земля" под начальством капитан-лейтенанта Литке 1-го 1823 года | |
| 607 |
_aНовая Земля, острова (Северный Ледовитый океан) _91149246 _3RU\NLR\AUTH\66140202 |
||
| 608 |
_aОбщегеографические карты мелкомасштабные _92622600 _3RU\NLR\AUTH\661559160 |
||
| 701 | 1 |
_8rus _7ca _aЛитке _bФ. П. _f1797-1882 _gФедор Петрович _3RU\NLR\AUTH\7770221 _953149 |
|
| 801 | 0 |
_aRU _bNLR _c20110727 _gPSBO |
|
| 852 |
_aNLR _bК _j2-Арк 1/25 _m12814 |
||
| 942 | _cMAP | ||
| 980 | _aNB | ||